[Event "AUTO-INT-2988"]
[Site "http://www.queenalice.com/game.php?id=1355056"]
[Date "2015.4.22"]
[Round "1"]
[White "DDK"]
[Black "Didiodpc"]
[Result "0-1"]
[WhiteElo "1515"]
[BlackElo "1546"]

1. e4 c5 2. Bc4 e6 3. Nf3 g6 4. b3 Bg7 5. e5 d6 6. exd6 Bxa1 7. c3 Nf6 8. Na3 a6
9. Qc2 Qxd6 10. Qb1 b5 11. Be2 b4 12. Nc4 Qd8 13. Qxa1 O-O 14. O-O Bb7 15. cxb4
Ra7 16. bxc5 Nd5 0-1

[Event "AUTO-INT-2988"]
[Site "http://www.queenalice.com/game.php?id=1355057"]
[Date "2015.4.22"]
[Round "1"]
[White "Didiodpc"]
[Black "DDK"]
[Result "1-0"]
[WhiteElo "1584"]
[BlackElo "1500"]

1. e4 e5 2. Nf3 Nc6 3. Bc4 Nf6 4. d3 Bc5 5. O-O O-O 6. h3 a6 7. Nc3 d6 8. Ng5
Qe7 9. Nd5 Nxd5 10. Bxd5 Be6 11. a3 Bxd5 12. Qh5 h6 13. exd5 Nd4 14. Rb1 1-0

[Event "Challenge"]
[Site "http://www.queenalice.com/game.php?id=1359302"]
[Date "2015.5.13"]
[Round "-"]
[White "Jard1987"]
[Black "Didiodpc"]
[Result "1-0"]
[WhiteElo "1173"]
[BlackElo "1549"]

1. e4 c6 2. f4 e6 3. Nf3 Qc7 4. d4 Bb4+ 5. c3 Be7 6. Bc4 Nf6 7. e5 d5 8. Bb3 Ne4
9. Nbd2 O-O 10. Nxe4 dxe4 11. Nd2 Rd8 12. Nxe4 f5 13. Ng3 c5 14. O-O 1-0

[Event "AUTO-INT-3520"]
[Site "http://www.queenalice.com/game.php?id=1606364"]
[Date "2020.4.7"]
[Round "1"]
[White "balu"]
[Black "Didiodpc"]
[Result "1-0"]
[WhiteElo "1752"]
[BlackElo "1443"]

1. e4 e5 2. Nf3 Bd6 3. Bc4 Qf6 4. Nc3 Ne7 5. d3 h6 6. h3 c6 7. a3 Qg6 8. g3 b5
9. Bb3 Bb7 10. Be3 O-O 11. Qd2 Kh7 12. Nh4 Qh5 13. Qe2 Qxe2+ 14. Nxe2 c5 15. c4
Nbc6 16. cxb5 Na5 17. Ba4 c4 18. dxc4 Bxe4 19. f3 Bd3 20. Rd1 Nxc4 21. Rxd3 g5
22. b3 Nxe3 23. Rxd6 gxh4 24. gxh4 Rfd8 25. Kf2 N7f5 26. Rd3 Rg8 27. Rxd7 Rg2+
28. Ke1 Nc2+ 29. Kd2 Ng3 30. Kxc2 Nxh1 31. Kd3 Kg7 32. b4 Nf2+ 33. Ke3 Kg6 34.
Bb3 f6 35. Bf7+ Kf5 36. Ng3+ Rxg3 37. Kxf2 Kf4 38. Bh5 Rag8 39. Bg4 f5 40. Rd3
e4 41. Rd4 h5 42. fxe4 fxe4 43. Rxe4+ Kxe4 44. Kxg3 1-0

[Event "AUTO-INT-3520"]
[Site "http://www.queenalice.com/game.php?id=1606365"]
[Date "2020.4.7"]
[Round "1"]
[White "Didiodpc"]
[Black "balu"]
[Result "0-1"]
[WhiteElo "1484"]
[BlackElo "1751"]

1. e4 e5 2. d4 exd4 3. c3 dxc3 4. Nxc3 Bb4 5. Qd4 Bxc3+ 6. Qxc3 f6 7. Bd3 Nc6 8.
Ne2 Nge7 9. Be3 O-O 10. h3 Ne5 11. Qb3+ Kh8 12. Bc2 b6 13. O-O a5 14. f4 d6 15.
fxe5 fxe5 16. Bg5 Ba6 17. Rxf8+ Qxf8 18. Ng3 h6 19. Rf1 Bxf1 20. Bxe7 Qxe7 21.
Kxf1 Qf6+ 22. Kg1 Rf8 23. Qc3 Qf2+ 24. Kh2 c5 25. Nh1 Qd4 26. Qb3 Qb4 27. Qe6 c4
28. b3 b5 29. Nf2 Rxf2 30. Bd1 Qd2 31. Qg6 Qxd1 32. Qe8+ Kh7 33. Qxb5 Qf3 0-1

[Event "AUTO-INT-3520"]
[Site "http://www.queenalice.com/game.php?id=1606380"]
[Date "2020.4.7"]
[Round "1"]
[White "Didiodpc"]
[Black "carpielo"]
[Result "1/2-1/2"]
[WhiteElo "1483"]
[BlackElo "1515"]

1. Nf3 d5 2. g3 e6 3. a3 d4 4. d3 c5 5. Bh3 Bd6 6. Nbd2 Nf6 7. Nc4 O-O 8. Bd2 b5
9. Na5 b4 10. Nc4 bxa3 11. Nxa3 h6 12. Nc4 Ba6 13. Ba5 Qd7 14. Bd2 Bxc4 15. dxc4
Nc6 16. O-O Ne5 17. Bg2 Nxc4 18. Qb1 e5 19. b3 Rab8 20. Qa2 Nxd2 21. Nxd2 Qb5
22. c4 Qb4 23. Qa6 Rbd8 24. Rfd1 Qb6 25. Qxa7 Qxa7 26. Rxa7 Rfe8 27. Bc6 1/2-1/2

[Event "AUTO-INT-3520"]
[Site "http://www.queenalice.com/game.php?id=1606381"]
[Date "2020.4.7"]
[Round "1"]
[White "carpielo"]
[Black "Didiodpc"]
[Result "1-0"]
[WhiteElo "1587"]
[BlackElo "1479"]

1. e4 d5 2. e5 Bd7 3. d4 Nc6 4. Bb5 h6 5. Nf3 e6 6. c3 a6 7. Bxc6 Bxc6 8. O-O f6
9. Na3 Ne7 10. exf6 gxf6 11. Bf4 Ng6 12. c4 Nxf4 13. cxd5 exd5 14. Qc2 Qd7 15.
Nh4 Qg4 16. g3 Ne2+ 17. Kg2 Nxd4 18. Rae1+ Kd8 19. Qd3 Bc5 20. Qg6 Bd7 21. Qxf6+
Be7 22. Qxh8+ Be8 23. Qe5 Nc6 24. Qxd5+ Bd7 25. Qf7 Qh3+ 26. Kg1 Qg4 27. Rxe7
Nxe7 28. Re1 Qg5 29. Nf5 Nxf5 30. Qf8+ 1-0

[Event "AUTO-INT-3520"]
[Site "http://www.queenalice.com/game.php?id=1606382"]
[Date "2020.4.7"]
[Round "1"]
[White "Didiodpc"]
[Black "APSHOOTER"]
[Result "1-0"]
[WhiteElo "1513"]
[BlackElo "1475"]

1. e4 e5 2. Bc4 Nf6 3. d3 h6 4. b3 Bb4+ 5. Bd2 Nc6 6. Nf3 a6 7. c3 Be7 8. O-O d5
9. exd5 Nxd5 10. Qe2 Bg4 11. h3 Bh5 12. d4 exd4 13. cxd4 Bxf3 14. Qxf3 Nf6 15.
Re1 Nd5 16. Bxd5 Nxd4 17. Qxf7+ Kd7 18. Qg6 c6 19. Bc4 Bf6 20. Na3 b5 21. Qg4+
Kc7 22. Bd3 Nc2 23. Bf4+ Kb7 24. Bxc2 Bxa1 25. Rxa1 Qd4 26. Re1 Raf8 27. Rd1
Qxf4 28. Qxg7+ Kb6 29. Rf1 Rhg8 30. Qc3 Qf3 31. Qxf3 Rxf3 32. Be4 Rf4 33. Bh7
Rg7 34. Bd3 Rf3 35. Be4 Rc3 36. Nb1 Rc5 37. Nd2 a5 38. g4 h5 39. f3 hxg4 40.
fxg4 Rh5 41. Bg2 Rh8 42. Ne4 Rd8 43. g5 Rg6 44. h4 Re6 45. h5 c5 46. g6 Rh8 47.
Bf3 Rxe4 48. g7 Rg8 49. h6 Rh4 50. Bd5 Rg4+ 51. Kf2 Rf4+ 52. Ke2 Rxf1 53. Kxf1
Rd8 54. Bf3 a4 55. Be2 axb3 56. axb3 c4 57. bxc4 bxc4 58. Bxc4 Kc7 59. Be2 Kd7
60. h7 Ke7 61. h8=Q 1-0

[Event "AUTO-INT-3520"]
[Site "http://www.queenalice.com/game.php?id=1606383"]
[Date "2020.4.7"]
[Round "1"]
[White "APSHOOTER"]
[Black "Didiodpc"]
[Result "0-1"]
[WhiteElo "1601"]
[BlackElo "1493"]

1. e4 c5 2. Bc4 e6 3. d3 g6 4. Nf3 Qc7 5. Nc3 Nf6 6. h3 Nc6 7. a3 a6 8. Bg5 Bg7
9. Qd2 h6 10. Bxf6 Bxf6 11. Na4 b5 12. Nxc5 bxc4 13. O-O-O Qb8 14. d4 Qa7 15.
Qc3 Rb8 16. Qxc4 Qb6 17. Nb3 Na5 18. Qb4 Nc6 19. Qxb6 Rxb6 20. d5 Ne7 21. d6 Nc6
22. Nfd4 Bg5+ 23. Kb1 Ne5 24. g3 Bb7 25. h4 Bf6 26. Nc5 Ba8 27. f4 Ng4 28. e5
Nf2 29. exf6 Nxh1 30. Rxh1 Bxh1 31. g4 Rxd6 0-1

[Event "AUTO-INT-3536"]
[Site "http://www.queenalice.com/game.php?id=1611658"]
[Date "2020.5.10"]
[Round "1"]
[White "Nuzzera"]
[Black "Didiodpc"]
[Result "1-0"]
[WhiteElo "1614"]
[BlackElo "1430"]

1. e3 e5 2. Bc4 g6 3. Qf3 Qf6 4. Qe4 c6 5. Nf3 b5 6. Bxb5 Qf5 7. Bd3 Nf6 8. Qxf5
gxf5 9. Nxe5 Bg7 10. Bxf5 Nd5 11. Nc4 O-O 12. O-O Ba6 13. d3 Ne7 14. e4 d5 15.
Na5 dxe4 16. Bxe4 h6 17. Re1 f5 18. Bf3 Ng6 19. Nxc6 Nd7 20. Ne7+ 1-0

[Event "AUTO-INT-3536"]
[Site "http://www.queenalice.com/game.php?id=1611659"]
[Date "2020.5.10"]
[Round "1"]
[White "Didiodpc"]
[Black "Nuzzera"]
[Result "0-1"]
[WhiteElo "1439"]
[BlackElo "1605"]

1. e4 e5 2. Nf3 Nf6 3. Bc4 Nxe4 4. Qe2 d5 5. d3 dxc4 6. Qxe4 Qf6 7. Bg5 Qb6 8.
Qxe5+ Be6 9. O-O f6 10. Bxf6 Nd7 11. Qh5+ Bf7 12. Re1+ Ne5 13. Qxe5+ Be6 14.
Bxg7 Rg8 15. Qh5+ Kd8 16. Bf6+ Kd7 17. Qxh7+ Kc8 18. Ng5 Qc6 19. Rxe6 Qa4 20. h3
b6 21. Qxg8 Kb7 0-1

[Event "AUTO-INT-3536"]
[Site "http://www.queenalice.com/game.php?id=1611674"]
[Date "2020.5.10"]
[Round "1"]
[White "Didiodpc"]
[Black "papyrusmoon"]
[Result "0-1"]
[WhiteElo "1504"]
[BlackElo "1380"]

1. e4 e5 2. Nf3 d5 3. Nc3 Nc6 4. Nxd5 Bc5 5. h3 Be6 6. Nc3 Nf6 7. Bd3 O-O 8. O-O
b6 9. Bb5 a6 10. Bxc6 Rb8 11. Nxe5 Qd4 12. Nd7 Bxd7 13. Bxd7 Nxd7 14. d3 Ne5 15.
Ne2 Qd7 16. d4 Nf3+ 17. gxf3 Qxh3 18. dxc5 Qxf3 19. Bf4 Rbd8 20. Qe1 Rfe8 21.
Bxc7 Rc8 22. Bxb6 Re6 23. Nd4 Rg6+ 0-1

[Event "AUTO-INT-3536"]
[Site "http://www.queenalice.com/game.php?id=1611675"]
[Date "2020.5.10"]
[Round "1"]
[White "papyrusmoon"]
[Black "Didiodpc"]
[Result "1-0"]
[WhiteElo "1357"]
[BlackElo "1527"]

1. e4 e5 2. Nf3 Nf6 3. d4 Bd6 4. dxe5 Qe7 5. Bf4 Bb4+ 6. c3 Nxe4 7. Bc4 Bc5 8.
Qe2 f5 9. Bg5 Nxg5 10. O-O c6 11. b4 b5 12. Bb3 Bb6 13. Qd3 g6 14. Nbd2 Na6 15.
Nd4 Qxe5 16. N4f3 Qf4 17. Rae1+ Kd8 18. Ne5 Rf8 19. Qd6 Bc7 20. Qxf8# 1-0

[Event "AUTO-INT-3536"]
[Site "http://www.queenalice.com/game.php?id=1611676"]
[Date "2020.5.10"]
[Round "1"]
[White "Didiodpc"]
[Black "SamuraiJOM"]
[Result "0-1"]
[WhiteElo "1454"]
[BlackElo "1585"]

1. e4 e5 2. Nf3 Nc6 3. d3 Nf6 4. Nc3 Bc5 5. Qe2 Nd4 6. Nxd4 exd4 7. e5 Ng8 8.
Ne4 Bb4+ 9. Bd2 Be7 10. Bg5 h6 11. Bxe7 Qxe7 12. O-O-O d6 13. Qf3 Be6 14. Ng5
hxg5 15. Qxb7 Qd8 16. Re1 dxe5 17. Rxe5 Ne7 18. b3 O-O 19. g3 Ng6 20. Rxg5 f6
21. Rxg6 Bd5 22. Qb4 Bxh1 23. Qc4+ Kh7 24. Rg4 g5 25. h4 Bf3 26. Rxd4 Qe7 27.
hxg5 Kg6 0-1

[Event "AUTO-INT-3536"]
[Site "http://www.queenalice.com/game.php?id=1611677"]
[Date "2020.5.10"]
[Round "1"]
[White "SamuraiJOM"]
[Black "Didiodpc"]
[Result "1-0"]
[WhiteElo "1553"]
[BlackElo "1467"]

1. e4 c5 2. Bc4 e6 3. Nf3 Nf6 4. Nc3 g6 5. e5 d5 6. Bb5+ Bd7 7. exf6 a6 8. Be2
Qxf6 9. d3 d4 10. Ne4 Qg7 11. Bg5 Rg8 12. Nf6+ Kd8 13. Nxg8+ Kc7 14. Nf6 Be7 15.
Bf4+ Bd6 16. Bxd6+ Kxd6 17. Ne4+ Kc6 18. c3 f5 19. Neg5 dxc3 20. bxc3 Qxc3+ 21.
Nd2 Kc7 22. O-O Bc6 23. Nxe6+ Kc8 24. Nb3 Bd5 25. Nf4 1-0